載入...
Distance education in the 21st century
| 主要作者: | |
|---|---|
| 其他作者: | |
| 格式: | Printed Book |
| 出版: |
New Delhi
Deep and Deep
2000
|
| 主題: |
| LEADER | 00508cam a2200169ua 4500 | ||
|---|---|---|---|
| 020 | |a 81-7629-261-3 | ||
| 082 | |a 374.4 |b ARU/D | ||
| 100 | |a Aruna Goel | ||
| 245 | 0 | 0 | |a Distance education in the 21st century |
| 260 | |a New Delhi |b Deep and Deep |c 2000 | ||
| 300 | |a xvi,279p. | ||
| 500 | |a Includes index. | ||
| 650 | 0 | |a Education | |
| 700 | 0 | 2 | |a Goel, S.L |
| 942 | |c BK | ||
| 999 | |c 3362 |d 3362 | ||
| 952 | |0 0 |1 0 |4 0 |6 374_400000000000000_ARUD |7 0 |9 3514 |a KUCL |b KUCL |d 2014-05-23 |l 1 |m 1 |o 374.4 ARU/D |p 06493 |r 2017-03-25 |s 2017-02-04 |y BK | ||